| 000 | 00563nam a2200217 a 4500 | ||
|---|---|---|---|
| 999 |
_c8350 _d8350 |
||
| 001 | 8350 | ||
| 003 | BD-JhCC | ||
| 005 | 20181006102948.0 | ||
| 008 | 180222s1973 bg |||| || | 000 0 eng d | ||
| 035 | _a(BD-JhCC)8350 | ||
| 040 |
_aBD-JhCC _dBD-JhCC |
||
| 041 | _aeng | ||
| 082 |
_a546 _bHAI 1973 |
||
| 100 | _aHaider, S. Z. | ||
| 245 |
_aIntroduction to Modern Inorganic Chemistry / _cS. Z. Haider, |
||
| 260 |
_aDacca : _bStudents' Publications, _c1973 |
||
| 300 |
_a48 p. : _c24 cm. |
||
| 650 | _aInorganic Chemistry | ||
| 942 |
_2ddc _cBK |
||